LEADER 02076nam a2200433 u 4500 001 000000004813 003 CaOOAMICUS 005 20070226104707.0 008 910731s1985 it ch u000 u ita u 020 $aL90000 (set) 035 $a10127483 040 $aCStRLIN$bita$dPUL(R) 041 0 $aita$afre$alat 082 0 $a870/.9/003$219 245 00$aTradizione classica e letteratura umanistica. :$bPer Alessandro Perosa /$ca cura di Roberto Cardini ... [et al.]. 260 $aRoma :$bBulzoni,$cc1985. 300 $a2 v. (xxv, 810 p.) :$bfacsims., port. ;$c24 cm 490 1 $aHumanistica ;$v3-4 500 $aItalian, French, and Latin. 500 $aIncludes index. 504 $aBibliography: v. 1, p. ix-xviii. 600 14$aPerosa, Alessandro,$d1910-$0(OLS)http://pul/subject/4196 650 0$aLatin literature, Medieval and modern$zItaly$xHistory and criticism.$2//eng$0(OLS)http://pul/subject/4197 650 0$aClassicism.$2//eng$0(OLS)http://pul/subject/4198 650 0$aHumanists$zItaly.$2//eng$0(OLS)http://pul/subject/4199 651 0$aItaly$xIntellectual life.$2//eng$0(OLS)http://pul/subject/4200 700 1 $aPerosa, Alessandro,$d1910-1998.$0(OLS)http://pul/name/4900 700 1 $aCardini, Roberto.$0(OLS)http://pul/name/4991 830 0$aHumanistica ;$v3-4.$0(OLS)http://pul/title/6959 850 $aPUL 852 $aPUL$W1$xDP1 Fondo Maccarrone$y58$m1516 E 19-20$j6717$nBK-PRI$b $qFondi$B6717$CPULBib$Z2$F6717 $H $81 852 $aPUL$W1$xDP1 Fondo Maccarrone$y58$m1516 E 19-20$j6717$nBK-PRI$b $qFondi$B6718$CPULBib$Z2$F6718 $H $81 941 1 $a1 961 $aINV: 3993, 4009 F. Maccarrone 961 $aINV: 3993, 4009 F. Maccarrone 996 $6020$aL90000 (set)$9(OLS)http://pul/number/6191 996 $6082$a870/.9/003$219$9(OLS)http://pul/classification/94 996 $6245$aTradizione classica e letteratura umanistica. :$bPer Alessandro Perosa$9(OLS)http://pul/title/6958 996 $6260$aRoma :$bBulzoni$9(OLS)http://pul/publisher/48135 LEADER 01816nam a2200325 a 4500 001 000000133684 003 CaOOAMICUS 005 20130424132734.0 008 130424s2008 miu u000 u eng r 020 $a978-0-8028-2724-1 040 $aPUL$bita 082 04$a301.092 100 1 $aKampowski, Stephan Martin.$0(OLS)http://pul/name/57074 245 10$aArendt, Augustine, and the new beginning :$bthe action theory and moral thought of Hannah Arendt in the light of her dissertation on St. Augustine /$cStephan Martin Kampowski. 260 $aGrand Rapids, Michigan :$bWilliam B. Eerdmans,$c2008. 300 $axx, 364 p. ;$c24 cm 500 $aSul front.: "Pontifical John Paul II Institute for Studies on Marriage and Family, Rome". "Winner of the John Paul II Institute's 2005 Sub auspiciis award for the publication of outstanding dissertations." 504 $aBibliografia p. 344-356. 600 04$aAugustinus,$cs., vesc. d'Ippona,$d354-430.$0(OLS)http://pul/subject/758 600 14$aArendt, Hannah,$d1906-1975.$0(OLS)http://pul/subject/22684 650 4$aSociologia$xStudi.$0(OLS)http://pul/subject/6921 850 $aPUL 852 $aPUL$W1$xSL Diritto e Scienze Sociali 3$y79$m301. 092 KAMST 1$j153659$qDDC 21$B153224$CPULBib$Z2$F153224 $H122288 $82 941 1 $a9 960 $aAgostino,$cs., vesc. d'Ippona,$d354-430$9758 996 $6020$a978-0-8028-2724-1$9(OLS)http://pul/number/152546 996 $6082$a301.092$9(OLS)http://pul/classification/2506 996 $6245$aArendt, Augustine, and the new beginning :$bthe action theory and moral thought of Hannah Arendt in the light of her dissertation on St. Augustine$9(OLS)http://pul/title/168980 996 $6260$aGrand Rapids, Michigan :$bWilliam B. Eerdmans$9(OLS)http://pul/publisher/75713